| 000 | 01402nab a22003137a 4500 | ||
|---|---|---|---|
| 999 |
_c5625 _d5625 |
||
| 003 | OSt | ||
| 005 | 20251222234125.0 | ||
| 008 | 190429b xxu||||| |||| 00| 0 spa d | ||
| 040 | _cPJ | ||
| 100 |
_96599 _aWalter, Lucas I. |
||
| 245 | 1 | 0 |
_aDel túnel a la duda razonable. Cómo el Tribunal de Casación Penal devolvió la Justicia / _cLucas I. Walter. |
| 260 |
_cCiudad Autónoma de Buenos Aires : _aThomson Reuters La Ley, _b2025. |
||
| 300 | _ap. 134-140 | ||
| 500 | _aCita: TR LALEY AR/DOC/2858/2025. | ||
| 505 | _a Sumario: I. Introducción.— II. Reseña y análisis del fallo.— III. Conclusiones. — IV. Bibliografía. | ||
| 505 | _aFallo comentado: TCasación Penal, Buenos Aires, sala V ~ 23/04/2025 ~ B. O. A. y G. C. I. s/ recurso de casación. | ||
| 505 | _tSi te interesa el texto completo, solicitalo a koha@justierradelfuego.gov.ar | ||
| 650 | 0 |
_9343 _aDERECHO PENAL |
|
| 650 | 0 |
_92348 _aPROCESO PENAL |
|
| 650 | 0 |
_92107 _aRECURSO DE CASACION |
|
| 650 | 0 |
_92868 _aIN DUBIO PRO REO |
|
| 650 | 0 |
_93092 _aPRESCRIPCIÓN |
|
| 650 | 0 |
_9180 _aDEBIDO PROCESO |
|
| 650 | 0 |
_9586 _aDEFENSA EN JUICIO |
|
| 650 | 0 |
_96600 _aHOMICIDIO CRIMINIS CAUSA |
|
| 650 | 0 |
_96031 _aSENTENCIA ABSOLUTORIA |
|
| 773 | 0 |
_02658 _93164 _tRevista de derecho penal y criminología. Nº 11 - Diciembre 2025 _dCiudad Autónoma de Buenos Aires : Thomson Reuters La Ley, 2017- _x00347914 |
|
| 942 |
_2udc _cANA |
||